Микроэкономика: учебник

গ্রন্থ-পঞ্জীর বিবরন
প্রধান লেখক: Максимова В. Ф. Валентина Федоровна
অন্যান্য লেখক: Рубин Ю. Б. (автор предисловия)
সংক্ষিপ্ত:В предлагаемом издании рассматриваются основные положения рыночной экономики: ограниченность ресурсов, необходимость выбора того или иного товара, существование издержек упущенной возможности, ценообразование и принятие решений в различных рыночных структурах. Автор раскрывает особенности современного товарного и ресурсного рынков, обосновывает свою точку зрения на рыночной механизм - основную движущую силу рынка. Книга четко структурирована, содержит иллюстративный материал, является своевременным учебником для всех, кто изучает проблемы рыночной экономики. Предназначена для преподавателей, студентов, аспирантов вузов, научных и практических работников.
ভাষা:রুশ
প্রকাশিত: Москва, Маркет ДС, 2005
সংস্করন:4-е изд., перераб. и доп.
মালা:Университетская серия
বিষয়গুলি:
বিন্যাস: MixedMaterials গ্রন্থ
KOHA link:https://koha.lib.tpu.ru/cgi-bin/koha/opac-detail.pl?biblionumber=110055

MARC

LEADER 00000nam0a2200000 4500
001 110055
005 20231031120310.0
010 |a 5795800961  |b (в пер.)  |b 3000 экз. 
021 |a RU  |b 05-63533  |9 05-3119 
035 |a (RuTPU)RU\TPU\book\118855 
090 |a 110055 
100 |a 20070219d2005 m y0rusy5002 ca 
101 0 |a rus 
102 |a RU 
105 |a a j 001zy 
200 1 |a Микроэкономика  |e учебник  |f В. Ф. Максимова  |g авт. предисл. Ю. Б. Рубин 
205 |a 4-е изд., перераб. и доп. 
210 |a Москва  |c Маркет ДС  |d 2005 
215 |a 553 с.  |c ил. 
225 1 |a Университетская серия 
320 |a Библиогр.: с. 536. 
320 |a Словарь терминов: с. 537-546. 
330 |a В предлагаемом издании рассматриваются основные положения рыночной экономики: ограниченность ресурсов, необходимость выбора того или иного товара, существование издержек упущенной возможности, ценообразование и принятие решений в различных рыночных структурах. Автор раскрывает особенности современного товарного и ресурсного рынков, обосновывает свою точку зрения на рыночной механизм - основную движущую силу рынка. Книга четко структурирована, содержит иллюстративный материал, является своевременным учебником для всех, кто изучает проблемы рыночной экономики. Предназначена для преподавателей, студентов, аспирантов вузов, научных и практических работников. 
610 1 |a микроэкономика 
610 1 |a рыночная экономика 
610 1 |a спрос 
610 1 |a предложение 
610 1 |a теория 
610 1 |a товары 
610 1 |a услуги 
610 1 |a эластичность 
610 1 |a потребительское поведение 
610 1 |a фирмы 
610 1 |a производство 
610 1 |a издержки 
610 1 |a рыночные структуры 
610 1 |a монополии 
610 1 |a монополитическая конкуренция 
610 1 |a олигополия 
610 1 |a экономическая эффективность 
610 1 |a экономические ресурсы 
610 1 |a рынок труда 
610 1 |a рынок капитала 
610 1 |a человеческие ресурсы 
610 1 |a доходы 
610 1 |a распределение 
610 1 |a учебники 
686 |a У012.1я73  |2 rubbk 
700 1 |a Максимова  |b В. Ф.  |g Валентина Федоровна  |4 070 
702 1 |a Рубин  |b Ю. Б.  |4 080 
801 0 |a RU  |b RKP  |c 20051103  |g PSBO 
801 1 |a RU  |b 63413507  |c 20070219  |g PSBO 
801 2 |a RU  |b 63413507  |c 20151221  |g PSBO 
900 |a Микроэкономика 
900 |a Рыночная экономика и основы предпринимательства 
900 |a Поведение потребителей 
900 |a Ценообразование 
942 |c BK 
951 |a 521600  |b 080503